00382nam a2200145Ia 4500008004100000020001500041041001200056100002000068245005900088250000800147260003900155300000800194650001400202700002000216221030s9999 xx 000 0 und d a9332518742 aEnglish aA. S. Tanenbaum 0aComputer Networkscby A. S. Tanenbaum, D. J. Wetherall a5th bPearson EducaitonaNew Delhic2014 a804 aComputers aD. J. Wetherall